000
00272nam a22001217a 4500
008
180201b xxu||||| |||| 00| 0 eng d
041
_a
eng
080
_a
37
100
_a
48
101
_a
edu
245
_a
how tolncrease reading ability
_c
albert.j.h
942
_2
udc
_c
BK
999
_c
41572
_d
41572